Peniaze a talent zarábať

Hedging ako významný investičný postup. Aktivity hedgingových fondov a ich základné princípy. Vlastnosti hedgingových operácií. Investičné stratégie hedgingu. História vzniku hedgingu. Vývoj a perspektívy.

Gespeichert in:
Bibliographische Detailangaben
1. Verfasser: Rejta, Štefan
Format: Buchkapitel
Sprache:Slowakisch
Schlagworte:
Tags: Tag hinzufügen
Keine Tags, Fügen Sie das erste Tag hinzu!

MARC

LEADER 00000naa a2200000 4500
001 r047074
005 20230920080857.4
041 0 |a slo 
044 |a SK 
245 1 0 |a Peniaze a talent zarábať  |c Štefan Rejta 
520 |a Hedging ako významný investičný postup. Aktivity hedgingových fondov a ich základné princípy. Vlastnosti hedgingových operácií. Investičné stratégie hedgingu. História vzniku hedgingu. Vývoj a perspektívy. 
610 2 0 |a hedging 
610 2 0 |a investície 
610 2 0 |a papiere cenné 
610 2 0 |a portfólio 
610 2 0 |a trh kapitálový 
610 2 0 |a história 
100 1 |a Rejta, Štefan